[Event "Ragusa Province-ch"]
[White "Schembari, Serafino"]
[Black "Romano, Sebastiano"]
[Site "Modica"]
[Round "4"]
[Result "1-0"]
[Date "2010.01.31"]
[WhiteElo "1604"]
[BlackElo "1488"]
[PlyCount "55"]
[EventDate "2010.01.30"]
[EventType "swiss"]
[EventRounds "8"]
[EventCountry "ITA"]
[SourceTitle "EXT 2024"]
[Source "ChessBase"]
[SourceDate "2023.10.10"]
[SourceVersion "1"]
[SourceVersionDate "2023.10.10"]
[SourceQuality "1"]

1. d4 e6 2. Nf3 d5 3. e3 Nc6 4. a3 Nf6 5. c4 Be7 6. Bd3 dxc4 7. Bxc4 0-0 8. 0-0 Na5 9. Bd3 c5 10. dxc5 Bxc5 11. b4 Bd6 12. bxa5 Qxa5 13. Bxh7+ Nxh7 14. Qxd6 Rd8 15. Qf4 b6 16. Ne5 Rf8 17. Bd2 g5 18. Qg3 Qd5 19. Bb4 Rd8 20. Nc3 Qb7 21. Rfd1 Rxd1+ 22. Rxd1 a5 23. Rd8+ Kg7 24. Bd6 f6 25. Re8 Qa6 26. Re7+ Kg8 27. Qh3 Nf8 28. Ng6 1-0

[Event "Ragusa Province-ch"]
[White "Iozzia, Giuseppe"]
[Black "Romano, Sebastiano"]
[Site "Modica"]
[Round "3"]
[Result "1-0"]
[Date "2010.01.30"]
[WhiteElo "1580"]
[BlackElo "1488"]
[PlyCount "79"]
[EventDate "2010.01.30"]
[EventType "swiss"]
[EventRounds "8"]
[EventCountry "ITA"]
[SourceTitle "EXT 2024"]
[Source "ChessBase"]
[SourceDate "2023.10.10"]
[SourceVersion "1"]
[SourceVersionDate "2023.10.10"]
[SourceQuality "1"]

1. e4 e5 2. Bc4 Bc5 3. Nc3 Nf6 4. Nf3 Qe7 5. d3 h6 6. 0-0 Nc6 7. Be3 Bxe3 8. fxe3 d6 9. d4 exd4 10. exd4 0-0 11. Qd2 Nxe4 12. Nxe4 Qxe4 13. Rae1 Qg6 14. Bd3 f5 15. c3 Bd7 16. Re2 Rae8 17. Ref2 Ne7 18. Bc2 Bb5 19. Re1 d5 20. Qf4 Qd6 21. Ne5 g5 22. Qg3 Rf6 23. Bd3 Bxd3 24. Qxd3 f4 25. Qb5 Ng6 26. Qxe8+ Qf8 27. Nd7 Qxe8 28. Nxf6+ Kf7 29. Nxe8 c6 30. Nd6+ Kf6 31. Rfe2 Nh4 32. Re6+ Kg7 33. Re7+ Kg6 34. R1e6+ Kh5 35. Rh7 Kg4 36. Rhxh6 f3 37. Rxh4+ gxh4 38. gxf3+ Kxf3 39. Rh6 Kg4 40. Nxb7 1-0